Alla hockeyspelare i trippelguldklubben - Statistics

General Stats
  • This quiz has been taken 18 times
    11 since last reset
  • The average score is 9 of 30
Answer Stats
År Spelare % Correct
1996 Peter Forsberg
100%
2006 Nicklas Lidström
80%
2008 Henrik Zetterberg
60%
2005 Jaromír Jágr
60%
1994 Håkan Loob
50%
2008 Niklas Kronwall
50%
2018 Pavel Datsiuk
50%
2015 Sidney Crosby
50%
1997 Vjatjeslav Fetisov
50%
1997 Igor Larionov
40%
1994 Mats Näslund
40%
1994 Tomas Jonsson
40%
2002 Joe Sakic
30%
2010 Jonathan Toews
30%
2002 Brendan Shanahan
20%
2016 Corey Perry
20%
2010 Eric Staal
20%
2006 Fredrik Modin
20%
2011 Patrice Bergeron
20%
2000 Aleksandr Mogilnyj
10%
2004 Scott Niedermayer
10%
1996 Valerij Kamenskij
10%
2022 Valtteri Filppula
10%
1996 Aleksej Gusarov
0%
2007 Chris Pronger
0%
2019 Jay Bouwmeester
0%
2005 Jiří Šlégr
0%
2008 Mikael Samuelsson
0%
2002 Rob Blake
0%
2000 Vladimir Malachov
0%
No matching quizzes found
Score Distribution
Percent of People with Each Score
Percentile by Number Answered
Your Score History
You have not taken this quiz since the last reset